| 000 | 00459nam a22001577a 4500 | ||
|---|---|---|---|
| 020 | _a- | ||
| 082 | _a297.092 | ||
| 100 |
_aMubarak Puri, Safi-ur-Rehman _9134127 |
||
| 245 | _aAl-Raheeq-ul-Makhtoom | ||
| 260 |
_aLahore (Pakistan) _bAl-Maktabat-ul-Salfia _c1995 |
||
| 300 |
_a656 p. _bill. ; |
||
| 500 | _aIncludes index. | ||
| 650 |
_aMuhammad (S.A.W.), Prophet. _9134128 |
||
| 856 | _uhttp://10.250.8.41:8080/xmlui/handle/123456789/1370 | ||
| 942 |
_cBK _2ddc |
||
| 999 |
_c12132 _d12132 |
||